000 00382nam a2200157 i 4500
001 bg
245 0 _aOkresy literackie :
_bpraca zbiorowa /
_cpod red. Jana Majdy.
250 _aWyd.3.
260 _aWarszawa,
_c1988.
650 9 _aLiteratura polska
700 1 _aMAJDA, Jan.
_eRed.
040 _cBPK
041 _apol
942 _cKS
008 s pl f |000 0 pol
999 _c23907
_d23907
856 _uhttp://koha.tu.koszalin.pl/cgi-bin/koha/opac-detail.pl?biblionumber=23907
_yKatalog online BPK